[Event "Varazdinske Toplice op"]
[Site "Varazdinske Toplice"]
[Date "2022.12.26"]
[Round "8"]
[White "Havas, Juraj"]
[Black "Segovic, Goran"]
[Result "0-1"]
[WhiteElo "2072"]
[BlackElo "2256"]
[PlyCount "87"]
[EventDate "2022.12.26"]
[EventType "swiss"]
[EventRounds "9"]
[EventCountry "CRO"]
[SourceTitle "CBM 211 Extra"]
[Source "ChessBase"]
[SourceDate "2023.01.31"]
[SourceVersion "1"]
[SourceVersionDate "2023.01.31"]
[SourceQuality "1"]

1. Nf3 Nf6 2. g3 d5 3. Bg2 e6 4. d4 Be7 5. c4 0-0 6. Qc2 dxc4 7. Qxc4 a6 8. 0-0 b5 9. Qc2 Bb7 10. Bd2 Nbd7 11. Ba5 Rc8 12. Nbd2 Qe8 13. b4 Nb6 14. Rad1 Ba8 15. Rfe1 Bd6 16. e4 e5 17. dxe5 Bxe5 18. Nxe5 Qxe5 19. f4 Qd4+ 20. Kh1 Ng4 21. Nf3 Qc4 22. Qd2 Bxe4 23. Rxe4 Qxe4 24. Ne5 Qf5 25. Bh3 h5 26. Bg2 Nxe5 27. fxe5 Nc4 28. Qd4 Qxe5 29. Qxe5 Nxe5 30. Bb7 Rcd8 31. Rxd8 Rxd8 32. Bxc7 Rd1+ 33. Kg2 Rd2+ 34. Kg1 Ng4 35. Bxa6 Nxh2 36. Bxb5 Nf3+ 37. Kf1 Rxa2 38. Bd3 Rd2 39. Ba6 Nd4 40. b5 Ra2 41. Bd8 Kf8 42. Kg1 Nf3+ 43. Kf1 Nd2+ 44. Kg1 0-1

[Event "CRO Cup"]
[Site "Mali Losinj"]
[Date "2018.05.17"]
[Round "2.44"]
[White "Havas, Juraj"]
[Black "Bukal, Vladimir Jr"]
[Result "1/2-1/2"]
[WhiteElo "2028"]
[BlackElo "2388"]
[PlyCount "118"]
[EventDate "2018.05.16"]
[EventType "team-swiss"]
[EventRounds "6"]
[EventCountry "CRO"]
[SourceTitle "CBM 184 Extra"]
[Source "ChessBase"]
[SourceDate "2018.06.28"]
[SourceVersion "1"]
[SourceVersionDate "2018.06.28"]
[SourceQuality "1"]
[WhiteTeam "Mihovljan Cakovec"]
[BlackTeam "Sesvete Sljeme"]
[WhiteTeamCountry "CRO"]
[BlackTeamCountry "CRO"]

1. d4 e6 2. c4 b6 3. Nf3 Bb7 4. g3 Bb4+ 5. Bd2 a5 6. Bg2 f5 7. 0-0 Nf6 8. Bf4 Be7 9. Nc3 0-0 10. d5 Qc8 11. Nb5 Na6 12. d6 cxd6 13. Bxd6 Qd8 14. Qd4 Bxd6 15. Nxd6 Bc6 16. Rac1 Nc5 17. b3 Qe7 18. Rfd1 Rab8 19. Qh4 Nce4 20. Nxe4 Bxe4 21. Ne5 Bxg2 22. Kxg2 d6 23. Nf3 e5 24. Rc2 h6 25. Rcd2 Rbd8 26. a3 Qc7 27. b4 Ne4 28. Rd3 Nf6 29. R3d2 axb4 30. axb4 e4 31. Nd4 Qxc4 32. Nxf5 Qe6 33. Nxd6 Ng4 34. e3 Rxf2+ 35. Rxf2 Nxe3+ 36. Kg1 Rxd6 37. Re1 Ng4 38. Rf4 Nf6 39. Rfxe4 Nxe4 40. Qxe4 Qxe4 41. Rxe4 Kf7 42. Kg2 Rd2+ 43. Kh3 Rb2 44. g4 Kf6 45. Rf4+ Ke6 46. Rc4 Kd5 47. Rf4 b5 48. g5 Rb3+ 49. Kg2 hxg5 50. Rg4 Rd3 51. Rxg5+ Kc4 52. Rxg7 Kxb4 53. h4 Kc4 54. Rc7+ Kb3 55. h5 b4 56. h6 Ka2 57. Ra7+ Kb2 58. h7 Rd8 59. Kg3 b3 1/2-1/2

[Event "CRO-chT3B Center North"]
[Site "Croatia"]
[Date "2016.04.10"]
[Round "2.5"]
[White "Havas, Juraj"]
[Black "Strahija, Josip"]
[Result "1-0"]
[WhiteElo "2086"]
[BlackElo "1633"]
[PlyCount "79"]
[EventDate "2016.04.03"]
[EventType "team-tourn"]
[EventRounds "9"]
[EventCountry "CRO"]
[SourceTitle "EXT 2019"]
[Source "ChessBase"]
[SourceDate "2018.10.10"]
[SourceVersion "1"]
[SourceVersionDate "2018.10.10"]
[SourceQuality "1"]

1. d4 e6 2. c4 d5 3. Nf3 c6 4. Qc2 Nf6 5. g3 Bd6 6. Bg2 0-0 7. 0-0 Nbd7 8. Nbd2 Re8 9. Nb3 e5 10. dxe5 Nxe5 11. Nxe5 Bxe5 12. Rd1 Qe7 13. cxd5 Nxd5 14. a3 Bf6 15. e4 Nb6 16. f4 Qc7 17. e5 Be7 18. Be4 h6 19. Be3 Bg4 20. Re1 Be6 21. Nd4 Bd5 22. Bf2 Rad8 23. Nf5 Bxe4 24. Rxe4 Qc8 25. Re2 Qe6 26. Rae1 h5 27. Nxe7+ Rxe7 28. f5 Qd5 29. e6 f6 30. Bc5 Ree8 31. e7 Rd7 32. b4 Nc8 33. Bf2 Rexe7 34. Bc5 Rxe2 35. Qxe2 Qe5 36. Qc4+ Qd5 37. Re8+ Kh7 38. Qxd5 Rxd5 39. Rxc8 b6 40. Bf8 1-0

[Event "CRO-CupT final"]
[Site "Sibenik"]
[Date "2015.05.23"]
[Round "5.9"]
[White "Havas, Juraj"]
[Black "Takac, Zvonko"]
[Result "1/2-1/2"]
[WhiteElo "2059"]
[BlackElo "2017"]
[PlyCount "81"]
[EventDate "2015.05.20"]
[EventType "team-swiss"]
[EventRounds "6"]
[EventCountry "CRO"]
[SourceTitle "CBM 166 Extra"]
[Source "ChessBase"]
[SourceDate "2015.06.18"]
[SourceVersion "1"]
[SourceVersionDate "2015.06.18"]
[SourceQuality "1"]
[WhiteTeam "Mihovljan Sloboda"]
[BlackTeam "Zagreb Koncar"]
[WhiteTeamCountry "CRO"]
[BlackTeamCountry "CRO"]

1. d4 Nf6 2. c4 g6 3. Nc3 d5 4. Nf3 Bg7 5. Bg5 Ne4 6. cxd5 Nxg5 7. Nxg5 e6 8. Nf3 exd5 9. e3 0-0 10. b4 b6 11. Qb3 Bb7 12. Be2 c6 13. 0-0 Qd6 14. a4 Nd7 15. Rfd1 a5 16. bxa5 Rxa5 17. Rac1 Rfa8 18. Nd2 Bf8 19. e4 Qb4 20. exd5 cxd5 21. Bb5 Nf6 22. Ne2 Ba6 23. Bxa6 Qxb3 24. Nxb3 R5xa6 25. Rc6 Kg7 26. f3 Rxa4 27. Rxb6 Rc4 28. Kf2 Ra2 29. Rd2 Raa4 30. Nbc1 Bb4 31. Rb2 Ba3 32. Nd3 Rxd4 33. Nxd4 Rxd4 34. Ke3 Bxb2 35. Rxb2 Rc4 36. Ne5 Rc7 37. Kd4 Ra7 38. g4 g5 39. Nd3 Ra3 40. Rb7 Ra4+ 41. Rb4 1/2-1/2

[Event "CRO-CupT final"]
[Site "Sibenik"]
[Date "2015.05.21"]
[Round "3.7"]
[White "Havas, Juraj"]
[Black "Bozinovic, Bogdan"]
[Result "1-0"]
[WhiteElo "2059"]
[BlackElo "2209"]
[PlyCount "65"]
[EventDate "2015.05.20"]
[EventType "team-swiss"]
[EventRounds "6"]
[EventCountry "CRO"]
[SourceTitle "CBM 166 Extra"]
[Source "ChessBase"]
[SourceDate "2015.06.18"]
[SourceVersion "1"]
[SourceVersionDate "2015.06.18"]
[SourceQuality "1"]
[WhiteTeam "Mihovljan Sloboda"]
[BlackTeam "Sesvete"]
[WhiteTeamCountry "CRO"]
[BlackTeamCountry "CRO"]

1. Nf3 c5 2. c4 Nf6 3. g3 d5 4. cxd5 Nxd5 5. Nc3 Nc6 6. Bg2 Nc7 7. 0-0 e5 8. d3 Be7 9. Ne1 Be6 10. Bd2 Qd7 11. Nc2 Nd5 12. Ne3 Nxe3 13. Bxe3 Rc8 14. Qa4 b6 15. Rfc1 0-0 16. Qd1 Nd4 17. Ne4 h6 18. Bxd4 Qxd4 19. Rc2 Rcd8 20. Qe1 Qd7 21. Nc3 Qc8 22. Rd1 Qa6 23. Rcd2 b5 24. e4 Rd7 25. a3 Bb3 26. Ra1 Bg5 27. f4 Bf6 28. Nd5 Bxd5 29. exd5 exf4 30. gxf4 Bd4+ 31. Kh1 Qf6 32. Qg3 Re7 33. Be4 1-0

[Event "CRO-chT2 Center"]
[Site "Croatia"]
[Date "2015.04.26"]
[Round "5.35"]
[White "Lovrekovic, Kristijan"]
[Black "Havas, Juraj"]
[Result "1/2-1/2"]
[WhiteElo "2041"]
[BlackElo "2060"]
[PlyCount "93"]
[EventDate "2015.03.22"]
[EventType "team-tourn"]
[EventRounds "11"]
[EventCountry "CRO"]
[SourceTitle "EXT 2016"]
[Source "ChessBase"]
[SourceDate "2015.10.08"]
[SourceVersion "1"]
[SourceVersionDate "2015.10.08"]
[SourceQuality "1"]

1. e4 c5 2. Nf3 Nc6 3. d4 cxd4 4. Nxd4 Nf6 5. Nc3 e5 6. Nf5 d5 7. exd5 Bxf5 8. dxc6 bxc6 9. Bd3 Bxd3 10. Qxd3 Qxd3 11. cxd3 Rd8 12. Ke2 Bc5 13. Be3 Bd4 14. Rac1 0-0 15. Bg5 Rb8 16. b3 Nd7 17. Be3 Rfe8 18. Ne4 Rb6 19. Bxd4 exd4 20. Kd2 Ra6 21. Rc2 Re6 22. Ra1 Ra5 23. b4 Rh5 24. h3 Rg6 25. g3 Rxh3 26. Rc4 Ne5 27. Rc5 Nd7 28. Ra5 Rh2 29. Rxa7 f5 30. Rxd7 fxe4 31. Rxd4 Rxf2+ 32. Ke3 Rf3+ 33. Kxe4 Rfxg3 34. Rd8+ Kf7 35. Kd4 Ke7 36. Rh8 Rd6+ 37. Kc4 Rdxd3 38. Re1+ Kf7 39. Rxh7 Rc3+ 40. Kd4 Ra3 41. Rh2 Rg4+ 42. Re4 Rxe4+ 43. Kxe4 Ra4 44. Rb2 Ke6 45. Kd4 Kd6 46. Kc4 Ra3 47. Rg2 1/2-1/2

[Event "SLO-chT U20"]
[Site "Bled"]
[Date "2014.08.26"]
[Round "5.1"]
[White "Havas, Juraj"]
[Black "Bratkovic, Sham"]
[Result "1/2-1/2"]
[WhiteElo "2066"]
[BlackElo "2093"]
[PlyCount "22"]
[EventDate "2014.08.23"]
[EventType "team-tourn"]
[EventRounds "7"]
[EventCountry "SLO"]
[SourceTitle "EXT 2022"]
[Source "ChessBase"]
[SourceDate "2021.10.06"]
[SourceVersion "1"]
[SourceVersionDate "2021.10.06"]
[SourceQuality "1"]
[WhiteTeam "Zalec U20"]
[BlackTeam "Maribor ZSK U20"]
[WhiteTeamCountry "SLO"]
[BlackTeamCountry "SLO"]

1. Nf3 d5 2. g3 c6 3. Bg2 Nf6 4. d3 Bg4 5. 0-0 e6 6. Nbd2 Nbd7 7. c4 Be7 8. Qc2 0-0 9. Rb1 a5 10. b3 Qc7 11. Bb2 Rfd8 1/2-1/2

[Event "CRO-chT"]
[Site "Bol"]
[Date "2014.05.18"]
[Round "6.12"]
[White "Havas, Juraj"]
[Black "Begonja, Veljko"]
[Result "1/2-1/2"]
[WhiteElo "2058"]
[BlackElo "2213"]
[PlyCount "60"]
[EventDate "2014.05.14"]
[EventType "team-swiss"]
[EventRounds "6"]
[EventCountry "CRO"]
[SourceTitle "CBM 160 Extra"]
[Source "ChessBase"]
[SourceDate "2014.07.01"]
[SourceVersion "1"]
[SourceVersionDate "2014.07.01"]
[SourceQuality "1"]
[WhiteTeam "Mihovljan Sloboda"]
[BlackTeam "Rijeka Junior"]
[WhiteTeamCountry "CRO"]
[BlackTeamCountry "CRO"]

1. Nf3 g6 2. g3 Bg7 3. Bg2 d6 4. 0-0 Nd7 5. d3 Ngf6 6. e4 0-0 7. Nc3 c6 8. Qe2 Qc7 9. Ne1 Nb6 10. h3 e5 11. f4 Nh5 12. Kh2 exf4 13. gxf4 f5 14. Bf3 Nf6 15. Ng2 Bd7 16. a4 Rae8 17. Qf2 Nc8 18. Qg3 Kh8 19. Bd2 Ne7 20. Rae1 Be6 21. Kh1 fxe4 22. dxe4 Qd7 23. Kh2 d5 24. e5 Nfg8 25. Nh4 Nh6 26. Bg2 Nef5 27. Nxf5 Bxf5 28. Qf2 a6 29. Be3 Be6 30. Bc5 Rf7 1/2-1/2

[Event "CRO-chT3B Center North"]
[Site "Croatia"]
[Date "2014.05.11"]
[Round "5.3"]
[White "Havas, Juraj"]
[Black "Kovac, Hrvoje"]
[Result "1/2-1/2"]
[WhiteElo "2082"]
[BlackElo "1891"]
[PlyCount "61"]
[EventDate "2014.04.06"]
[EventType "team-tourn"]
[EventRounds "9"]
[EventCountry "CRO"]
[SourceTitle "EXT 2019"]
[Source "ChessBase"]
[SourceDate "2018.10.10"]
[SourceVersion "1"]
[SourceVersionDate "2018.10.10"]
[SourceQuality "1"]

1. d4 e6 2. c4 d5 3. Nf3 Nf6 4. g3 Bb4+ 5. Bd2 Bxd2+ 6. Qxd2 0-0 7. Bg2 c5 8. cxd5 exd5 9. Nc3 cxd4 10. Nxd4 Nc6 11. 0-0 Qb6 12. Rad1 Be6 13. Na4 Qxd4 14. Qxd4 Nxd4 15. Rxd4 Ne4 16. Nc3 Nxc3 17. bxc3 Rac8 18. Bxd5 Bxd5 19. Rxd5 Rxc3 20. Ra5 Rc2 21. Rxa7 Rxe2 22. Rxb7 Rxa2 23. Re1 g6 24. Ree7 Kg7 25. Rec7 h5 26. h4 Kg8 27. Kg2 Kg7 28. Rc3 Kg8 29. Rf3 Kg7 30. Rf4 Kg8 31. Rf3 1/2-1/2

[Event "CRO-chT U20 23rd"]
[Site "Sv Filip i Jakov"]
[Date "2014.04.14"]
[Round "1.4"]
[White "Havas, Juraj"]
[Black "Safar, Sandro"]
[Result "1-0"]
[WhiteElo "2091"]
[BlackElo "1699"]
[PlyCount "99"]
[EventDate "2014.04.14"]
[EventType "team-tourn"]
[EventRounds "11"]
[EventCountry "CRO"]
[SourceTitle "EXT 2016"]
[Source "ChessBase"]
[SourceDate "2015.10.08"]
[SourceVersion "1"]
[SourceVersionDate "2015.10.08"]
[SourceQuality "1"]

1. Nf3 d5 2. g3 e6 3. Bg2 Nf6 4. 0-0 Be7 5. d3 0-0 6. Nbd2 c5 7. e4 dxe4 8. dxe4 Nc6 9. c3 Qc7 10. Qc2 b6 11. Re1 Bb7 12. Nc4 b5 13. Bf4 e5 14. Ncxe5 Bd6 15. Nd3 Bxf4 16. Nxf4 Ne5 17. Nxe5 Qxe5 18. Nd3 Qc7 19. f3 c4 20. Nf4 Rad8 21. Ne2 Nd7 22. Nd4 Qb6 23. Kh1 Ne5 24. Re2 Nd3 25. Rf1 Ba8 26. Qd2 Rd7 27. Qg5 a6 28. Nf5 f6 29. Qh4 Rfd8 30. Bh3 Ne5 31. Nd4 Rd6 32. Qf4 b4 33. Qe3 Nd3 34. Rd2 Bc6 35. Nf5 Qxe3 36. Nxe3 bxc3 37. bxc3 Rb8 38. Nxc4 Rdd8 39. Ne3 Ne5 40. Be6+ Kf8 41. Bd5 Bd7 42. f4 Ng6 43. Rfd1 Ba4 44. Rc1 Re8 45. c4 Rbd8 46. Rb2 Ne7 47. Rb4 Bc6 48. Rc3 a5 49. Rb6 Bd7 50. Kg2 1-0

[Event "CRO-chT U20 23rd"]
[Site "Sv Filip i Jakov"]
[Date "2014.04.14"]
[Round "2.3"]
[White "Pavcevic, Bruno"]
[Black "Havas, Juraj"]
[Result "1-0"]
[WhiteElo "1947"]
[BlackElo "2091"]
[PlyCount "45"]
[EventDate "2014.04.14"]
[EventType "team-tourn"]
[EventRounds "11"]
[EventCountry "CRO"]
[SourceTitle "EXT 2016"]
[Source "ChessBase"]
[SourceDate "2015.10.08"]
[SourceVersion "1"]
[SourceVersionDate "2015.10.08"]
[SourceQuality "1"]

1. e4 g6 2. d4 Bg7 3. Nc3 d6 4. Be3 a6 5. Qd2 Nd7 6. 0-0-0 b5 7. f3 Bb7 8. g4 Ngf6 9. Bh6 0-0 10. h4 Bh8 11. Bxf8 Qxf8 12. h5 c5 13. hxg6 hxg6 14. Qh2 Qg7 15. Nce2 Rc8 16. g5 Nh5 17. Bh3 Rc7 18. Bg4 cxd4 19. Nxd4 Rc4 20. Nge2 Ne5 21. Bxh5 gxh5 22. Qxh5 Nc6 23. g6 1-0

[Event "SLO-chT2 East"]
[Site "Slovenia"]
[Date "2013.11.18"]
[Round "7"]
[White "Havas, Juraj"]
[Black "Skuhala, Luka"]
[Result "1-0"]
[WhiteElo "2104"]
[BlackElo "1841"]
[PlyCount "120"]
[EventDate "2013.09.07"]
[EventType "team-tourn"]
[EventRounds "9"]
[EventCountry "SLO"]
[SourceTitle "EXT 2015"]
[Source "ChessBase"]
[SourceDate "2014.11.20"]
[SourceVersion "1"]
[SourceVersionDate "2014.11.20"]
[SourceQuality "1"]

1. d4 Nf6 2. c4 e6 3. Nf3 d5 4. g3 Be7 5. Bg2 0-0 6. Qc2 a6 7. 0-0 dxc4 8. Qxc4 b5 9. Qc2 Bb7 10. Bd2 Be4 11. Qd1 Nbd7 12. Ba5 Rb8 13. b4 Nd5 14. Qd2 Bd6 15. a3 N7b6 16. Bxb6 Nxb6 17. Nc3 Nc4 18. Qc1 Bxf3 19. Bxf3 a5 20. Nxb5 Rxb5 21. Qxc4 Qb8 22. bxa5 Rxa5 23. a4 Qb4 24. Qxb4 Bxb4 25. Rfc1 Bd6 26. Bc6 f5 27. f4 h6 28. Rab1 g5 29. e3 Kf7 30. Kg2 Ke7 31. Bb5 Rfa8 32. Rc4 Rb8 33. Re1 gxf4 34. exf4 Raxb5 35. axb5 Rxb5 36. Re2 Rd5 37. Rec2 Kd7 38. Kf3 h5 39. Kg2 h4 40. Kh3 hxg3 41. hxg3 Ra5 42. R4c3 Ra4 43. Rd3 Ra1 44. Rh2 Rf1 45. Kg2 Re1 46. Kf2 Rc1 47. Rh7+ Kc6 48. Rh6 Kd5 49. Re3 Kxd4 50. Rhxe6 Rc2+ 51. Re2 Rc6 52. Rd2+ Kc3 53. Rde2 Kd4 54. Kg2 Rb6 55. Rd2+ Kc4 56. Rf6 Rb5 57. Rdxd6 cxd6 58. Rxd6 Kc5 59. Rd8 Kc6 60. Kh3 Kc7 1-0